| 000 | 00705nam a2200253Ia 4500 | ||
|---|---|---|---|
| 001 | 1688 | ||
| 003 | GE_BSU | ||
| 008 | 181216s||||||||xx |||||||||||||| ||und|| | ||
| 020 | _a5150003956 | ||
| 040 | _cGE_BSU | ||
| 080 | _a94(470)(075.8) | ||
| 100 | _aСахаров,А.Н. и др. | ||
| 245 | _aИстория России.Сначала XVIII до концаXIX века. | ||
| 245 | _bДля студ. вузов | ||
| 245 | _cОтв.ред.А.Н.Сахаров | ||
| 260 | _aМосква | ||
| 260 | _bИзд-во АСТ | ||
| 260 | _c1998 | ||
| 300 | _a542стр. 19см. | ||
| 541 | _h18л. | ||
| 653 | _aИстория России | ||
| 653 | _aისტორია | ||
| 942 | _cBK | ||
| 999 |
_c35802 _d35802 |
||